Statistics for River Deltas on the Map

Click here to take the quiz!

General Stats

  • This quiz has been taken 2,115 times
    (1,251 since last reset)
  • The average score is 13 of 20

Answers on the Map

Answers color-coded by a green-red scale on the quiz's map according to % correct below.
 

Answer Stats

Name of River Delta% Correct
Nile
95%
Mississippi
90%
Yellow
88%
Danube
85%
Ganges-Brahmaputra
85%
Mekong
81%
Yangtze
80%
Niger
79%
Volga
77%
Indus
74%
Po
66%
Rhône
59%
Zambezi
59%
Pearl
53%
Paraná
45%
Orinoco
40%
Lena
39%
Irrawaddy
27%
Red
20%
Godavari
13%

Score Distribution

Percentile by Number Answered

Percent of People with Each Score

Your Score History

You have not taken this quiz since the last reset